[Event "Harry Ahman mem-B corr"]
[Site "Sweden"]
[Date "1999.??.??"]
[Round "?"]
[White "Berthelsen, Roald"]
[Black "Olafsson, Thorhallur B"]
[Result "1/2-1/2"]
[WhiteElo "2210"]
[BlackElo "2243"]
[PlyCount "49"]
[EventDate "1999.??.??"]
[EventType "tourn (corr)"]
[EventRounds "14"]
[EventCountry "SWE"]
[SourceTitle "Corr 2002"]
[Source "ChessBase"]
[SourceDate "2002.05.23"]
[SourceVersion "1"]
[SourceVersionDate "2002.05.23"]
[SourceQuality "1"]

1. e4 e5 2. Nf3 Nc6 3. d4 exd4 4. Nxd4 Bc5 5. Be3 Qf6 6. c3 Nge7 7. Bc4 Ne5 8. Be2 Qg6 9. 0-0 d5 10. Bh5 Qxe4 11. Nd2 Qd3 12. N4f3 Bd6 13. Nxe5 Bxe5 14. Bc5 Bf6 15. Re1 g6 16. Be2 Qf5 17. Qa4+ c6 18. Qa3 Be6 19. Rad1 b5 20. h3 Qf4 21. Bg4 Nf5 22. Bxf5 gxf5 23. Nf3 Rg8 24. Qa6 Kd7 25. Rd3 1/2-1/2

[Event "Harry Ahman mem-B corr"]
[Site "Sweden"]
[Date "1999.??.??"]
[Round "?"]
[White "Olafsson, Thorhallur B"]
[Black "Andersson, Joakim"]
[Result "1/2-1/2"]
[WhiteElo "2243"]
[BlackElo "2265"]
[PlyCount "61"]
[EventDate "1999.??.??"]
[EventType "tourn (corr)"]
[EventRounds "14"]
[EventCountry "SWE"]
[SourceTitle "Corr 2002"]
[Source "ChessBase"]
[SourceDate "2002.05.23"]
[SourceVersion "1"]
[SourceVersionDate "2002.05.23"]
[SourceQuality "1"]

1. e4 e6 2. d4 d5 3. Nc3 Nf6 4. Bg5 Be7 5. e5 Nfd7 6. Bxe7 Qxe7 7. f4 a6 8. Nf3 b6 9. g3 Bb7 10. Qe2 c5 11. 0-0-0 Nc6 12. Bg2 c4 13. f5 b5 14. fxe6 fxe6 15. Qd2 b4 16. Ne2 h6 17. Nf4 Nf8 18. Nh4 Qg5 19. Bh3 Bc8 20. Rhf1 Rb8 21. Qf2 Rb7 22. Kb1 Rf7 23. Qe2 Bd7 24. Bg2 Nd8 25. Nh3 Qe7 26. Rxf7 Qxf7 27. Rf1 Qe7 28. Qh5+ Nf7 29. Nf4 Qg5 30. Qf3 Nd8 31. Nh3 1/2-1/2

[Event "North Sea tt 1st Bd6 corr"]
[Site "England"]
[Date "1998.12.15"]
[Round "?"]
[White "Boger, Raymond"]
[Black "Olafsson, Thorhallur B"]
[Result "1-0"]
[WhiteElo "2463"]
[BlackElo "2243"]
[PlyCount "49"]
[EventDate "1998.??.??"]
[EventType "team (corr)"]
[EventRounds "10"]
[EventCountry "ENG"]
[SourceTitle "Corr 2024"]
[Source "ChessBase"]
[SourceDate "2023.10.19"]
[SourceVersion "1"]
[SourceVersionDate "2023.10.19"]
[SourceQuality "1"]

1. c4 Nf6 2. d4 c5 3. d5 d6 4. Nc3 e5 5. e4 Be7 6. g3 0-0 7. Bg2 Ne8 8. Nge2 Nd7 9. 0-0 a6 10. a4 b6 11. Be3 Bg5 12. f4 exf4 13. gxf4 Bh6 14. Qd3 f5 15. exf5 Ra7 16. Bd2 Nb8 17. Ng3 Qh4 18. Rae1 Nf6 19. Qf3 Raf7 20. Nce4 Nxe4 21. Nxe4 Qd8 22. f6 gxf6 23. Qh5 Bg7 24. f5 Qc7 25. Re3 1-0

[Event "North Sea tt 1st Bd6 corr"]
[Site "England"]
[Date "1998.12.15"]
[Round "?"]
[White "Larsson, Mats"]
[Black "Olafsson, Thorhallur B"]
[Result "1-0"]
[WhiteElo "2154"]
[BlackElo "2243"]
[PlyCount "56"]
[EventDate "1998.??.??"]
[EventType "team (corr)"]
[EventRounds "10"]
[EventCountry "ENG"]
[SourceTitle "Corr 2024"]
[Source "ChessBase"]
[SourceDate "2023.10.19"]
[SourceVersion "1"]
[SourceVersionDate "2023.10.19"]
[SourceQuality "1"]

1. e4 e5 2. Nf3 Nc6 3. Bb5 a6 4. Ba4 Nf6 5. 0-0 Be7 6. Re1 b5 7. Bb3 d6 8. c3 0-0 9. h3 Na5 10. Bc2 c5 11. d4 Bb7 12. Nbd2 cxd4 13. cxd4 Qc7 14. Nf1 Rac8 15. Re2 d5 16. dxe5 Nxe4 17. Ng3 Nxg3 18. fxg3 f6 19. Kh2 Nc4 20. Bf5 fxe5 21. Be6+ Kh8 22. Bxc8 Rxc8 23. Bf4 exf4 24. Rc1 fxg3+ 25. Kh1 Qd8 26. b3 Ba3 27. bxc4 Bxc1 28. Qxc1 dxc4 1-0

[Event "Nordic CupT 3rd B11 corr"]
[Site "corr"]
[Date "1997.04.15"]
[Round "?"]
[White "Olafsson, Thorhallur B"]
[Black "May, Hans Werner"]
[Result "0-1"]
[WhiteElo "2285"]
[BlackElo "2350"]
[PlyCount "52"]
[EventDate "1997.??.??"]
[EventType "tourn (corr)"]
[EventRounds "4"]
[EventCategory "2"]
[SourceTitle "Corr 2024"]
[Source "ChessBase"]
[SourceDate "2023.10.19"]
[SourceVersion "1"]
[SourceVersionDate "2023.10.19"]
[SourceQuality "1"]

1. e4 c5 2. Nf3 Nc6 3. d4 cxd4 4. Nxd4 Nf6 5. Nc3 e5 6. Ndb5 d6 7. Bg5 a6 8. Na3 b5 9. Nd5 Be7 10. Bxf6 Bxf6 11. c3 Bg5 12. Nc2 Rb8 13. Be2 0-0 14. Qd3 a5 15. Rb1 f5 16. Nde3 Ne7 17. Nxf5 Nxf5 18. exf5 Bxf5 19. Qd5+ Kh8 20. Bd3 e4 21. Be2 e3 22. Bd3 exf2+ 23. Kf1 Bxd3+ 24. Qxd3 Qe7 25. h4 Rbe8 26. g3 Qb7 0-1